Alaska Geography Quiz - Sudden Death - Statistics

General Stats
  • This quiz has been taken 405 times
  • The average score is 12 of 20
Answers on the Grid
Answers color-coded by a green-red scale on the quiz's grid according to % correct below.
Alberta
Aleutian Islands
Anchorage
Arctic Ocean
Baja California
Banff National Park
Beaufort Sea
Bering Sea
Brooks Range
Cascade Range
Colorado River
Denali National Park
Fairbanks
Fargo
Gates of the Arctic National Park
Glacier Bay National Park
Gulf of Alaska
Gulf of Mexico
Juneau
Katmai National Park
Kenai Fjords National Park
Kobuk Valley National Park
Kodiak Island
Lake Clark National Park
Lake Pontchartrain
Long Island Sound
Mount Logan
Mount Rainier National Park
Mount St. Helens
Olympic Peninsula
Pacific Ocean
Puget Sound
San Francisco Bay
Seattle
Siberia
Vancouver Island
Wrangell-St. Elias National Park
Yellowstone National Park
Yukon River
Zion National Park
 
Answer Stats
Answer % Correct
Anchorage
88%
Aleutian Islands
82%
Arctic Ocean
82%
Bering Sea
78%
Fairbanks
77%
Juneau
77%
Gulf of Alaska
72%
Denali National Park
68%
Kodiak Island
64%
Kenai Fjords National Park
60%
Gates of the Arctic National Park
59%
Yukon River
57%
Katmai National Park
54%
Glacier Bay National Park
53%
Kobuk Valley National Park
49%
Pacific Ocean
49%
Beaufort Sea
48%
Wrangell-St. Elias National Park
48%
Brooks Range
39%
Lake Clark National Park
32%
No matching quizzes found
Score Distribution
Percent of People with Each Score
Percentile by Number Answered
Your Score History
You have not taken this quiz